000 00455cam a2200169ua 4500
020 _a81-7387-002-0
041 _aeng
_h
082 _a621.3678
_bMEH/RE
100 _aMehrotra, A .
245 _aRemote sensing for environment and forest management /
_cA Mehrotra.
_hTextual Documents
260 _aNewdelhi :
_bIndus publishing company ,
_c1994.
300 _a232 ; .
500 _a** Reference
504 _a
942 _cBK
999 _c10464
_d10464